[Event "Tres Cantos op 2nd"]
[Site "Tres Cantos"]
[Date "2010.06.24"]
[Round "6"]
[White "Gil Fernandez, Daniel"]
[Black "Lopez Bustos, Garcia Santiago"]
[Result "0-1"]
[WhiteElo "1849"]
[BlackElo "1925"]
[PlyCount "54"]
[EventDate "2010.06.19"]
[EventType "swiss"]
[EventRounds "9"]
[EventCountry "ESP"]
[SourceTitle "CBM 137 Extra"]
[Source "ChessBase"]
[SourceDate "2010.09.01"]
[SourceVersion "1"]
[SourceVersionDate "2010.09.01"]
[SourceQuality "1"]

1. d4 d5 2. c4 dxc4 3. Nc3 a6 4. e4 b5 5. a4 b4 6. Nd5 e6 7. Ne3 Bb7 8. f3 Nc6 9. Nc2 Na5 10. Bd2 Nb3 11. Ra2 Nxd2 12. Qxd2 b3 13. Ra1 bxc2 14. Bxc4 Nf6 15. Ne2 Be7 16. 0-0 0-0 17. Qxc2 c5 18. dxc5 Bxc5+ 19. Kh1 Qb6 20. Bd3 Rfc8 21. Nc3 Bd4 22. h3 Qb4 23. Ra3 Nh5 24. Rb3 Ng3+ 25. Kh2 Nxf1+ 26. Bxf1 Bxc3 27. bxc3 Qxa4 0-1